Statistics for Medieval Cities - Map Quiz

Click here to take the quiz!

General Stats

  • This quiz has been taken 275 times
  • The average score is 9 of 23

Answers on the Map

Answers color-coded by a green-red scale on the quiz's map according to % correct below.
 

Answer Stats

Answer% Correct
Novgorod
84%
Aachen
79%
Dubrovnik
76%
Toledo
76%
Malacca
58%
Tlacopan
57%
Kaifeng
44%
Ayutthaya
42%
Mayapan
41%
Cahokia
36%
Ribe
34%
Kutná Hora
30%
Harar
25%
Malindi
24%
Ziwa
24%
Raqqāda
23%
Shahrisabz
20%
Shirakavan
19%
Tumebamba
18%
Chan Chan
17%
Oualata
13%
Shibam
8%
Tunja
8%

Score Distribution

Percentile by Number Answered

Percent of People with Each Score

Your Score History

You have not taken this quiz